[Event "Warsaw op"]
[Site "Warsaw"]
[Date "1992.??.??"]
[Round "7"]
[White "Neverov, Valeriy"]
[Black "Arbakov, Valentin"]
[Result "0-1"]
[WhiteElo "2520"]
[BlackElo "2450"]

1.d4 Nf6 2.Nf3 e6 3.c4 b6 4.g3 Ba6 5.b3 Bb4+ 6.Bd2 Be7 7.Bg2 c6 8.Bc3 d5
9.Nbd2 Nbd7 10.O-O O-O 11.Re1 c5 12.e4 Nxe4 13.Nxe4 dxe4 14.Rxe4 Bb7 15.Re3 Bf6
16.Rc1 Qc7 17.d5 exd5 18.cxd5 Rae8 19.Bxf6 Nxf6 20.d6 Qb8 21.Ne5 Bxg2 22.Kxg2 Re6
23.Nc4 Rxe3 24.Nxe3 Rd8 25.Nf5 g6 26.Qd2 Ne4 27.Ne7+ Kg7 28.Qb2+ Nf6 29.Nd5 Qxd6
30.Nxf6 Qxf6 31.Qe2 Qd4 32.Re1 h5 33.h4 Rd6 34.Qa6 Qd2 35.Re2 Qd5+ 36.Kg1 Qf3
37.Re1 Rd2 38.Rf1 g5 39.Qxa7 gxh4 40.Qe7 h3  0-1

[Event "Werfen blitz"]
[Site "Werfen"]
[Date "1992.??.??"]
[Round "7"]
[White "Staller, Peter"]
[Black "Podlesnik, Bogdan"]
[Result "1/2-1/2"]
[WhiteElo "2360"]
[BlackElo "2375"]

1.d4 Nf6 2.Nf3 e6 3.c4 b6 4.g3 Ba6 5.Nbd2 Bb4 6.Qc2 Bb7 7.Bg2 Be4 8.Qd1 O-O
9.a3 Bxd2+ 10.Qxd2 a5  1/2-1/2

[Event "Wisla BES op"]
[Site "Wisla"]
[Date "1992.??.??"]
[Round "2"]
[White "Janocha, Wieslaw"]
[Black "Chekhov, Valery A"]
[Result "1/2-1/2"]
[WhiteElo "2330"]
[BlackElo "2550"]

1.d4 Nf6 2.Nf3 e6 3.c4 b6 4.g3 Ba6 5.b3 Bb4+ 6.Bd2 Be7 7.Bg2 c6 8.O-O d5
9.Ne5 Nfd7 10.Nxd7 Nxd7 11.Bc3 O-O 12.Nd2 Rc8 13.Re1 f5 14.a4 Rc7 15.e3 Qc8
16.a5 Nf6 17.axb6 axb6 18.Ra2 Bb7 19.b4 Ne4 20.Nxe4 fxe4 21.c5 Bd8 22.f3 exf3
23.Bxf3 Ba6 24.Bg4 Bc4 25.Rf2 Rxf2 26.Kxf2 Rf7+ 27.Kg2 Rf6 28.Be2 Qa6 29.Qd2 Qb5
30.h3 Bc7 31.Bxc4 Qxc4 32.Ra1 bxc5 33.bxc5 e5 34.dxe5 Qe4+ 35.Kh2 Bxe5 36.Ra8+ Kf7
37.Ra7+ Kg6 38.Bxe5 Qxe5 39.Qd4 Rf2+ 40.Kh1 Qxd4 41.exd4 Rd2 42.Rc7 Rxd4
43.Kg2 h5 44.Kf3 Rc4 45.Rxc6+ Kf5 46.g4+ hxg4+ 47.hxg4+ Rxg4 48.Rd6 Rd4 49.c6 Ke5
50.Rg6 Rf4+ 51.Ke3 Rf7 52.Rg5+ Kd6 53.Kd4 Rf4+ 54.Ke3 Re4+ 55.Kd3 Re7 56.Kd4 Kxc6
57.Rxd5 Re6 58.Re5 Kd6 59.Rxe6+ Kxe6  1/2-1/2

[Event "Oberliga Wuert9192"]
[Site "Wuerttemberg"]
[Date "1992.??.??"]
[Round "?"]
[White "Unrath, Heiko"]
[Black "Stobik, Dietrich"]
[Result "1-0"]
[WhiteElo "2320"]
[BlackElo "2310"]

1.d4 Nf6 2.Nf3 e6 3.c4 b6 4.g3 Ba6 5.Qa4 Bb7 6.Bg2 Be7 7.O-O O-O 8.Nc3 Ne4
9.Rd1 Nxc3 10.bxc3 Qc8 11.Qc2 f5 12.d5 Bf6 13.Bg5 Na6 14.e4 fxe4 15.Qxe4 Nc5
16.Qc2 Qe8 17.Bxf6 Rxf6 18.Ng5 Qg6 19.Ne4 Rff8 20.Qe2 Nxe4 21.Bxe4 Qf6 22.Rd3 Rae8
23.Re3 e5 24.f4 d6 25.Rf1 g6 26.Bg2 Qg7 27.Bh3 Bc8 28.Bxc8 Rxc8 29.fxe5 Rxf1+
30.Kxf1 dxe5 31.Rxe5 Rf8+ 32.Kg2 Qf6 33.Re7 Rf7 34.Re8+ Kg7 35.Qe5 Qxe5 36.Rxe5 c6
37.c5 cxd5 38.Rxd5 Rc7 39.cxb6 axb6 40.Rd3 Ra7 41.Rd2 Ra3 42.Rc2 Kf6 43.Kf3 Ke5
44.Ke3 b5 45.Kd2 h5 46.Kc1 Ke4 47.Kb2 Ra4 48.Kb3 Rc4 49.Rd2 Rc6 50.Rd4+ Ke5
51.Kb4 g5 52.Kxb5 Rxc3 53.Rd2 h4 54.gxh4 gxh4 55.a4 Rb3+ 56.Ka6 Ke4 57.a5 h3
58.Ka7 Rb5 59.a6 Rg5 60.Kb6 Rg2 61.a7 Rxd2 62.a8=Q+ Ke3 63.Qe8+ Kf2 64.Qg6  1-0

[Event "Zalaegerszeg op"]
[Site "Zalaegerszeg"]
[Date "1992.??.??"]
[Round "?"]
[White "Lingnau, Carsten"]
[Black "Horvath, Csaba"]
[Result "1/2-1/2"]
[WhiteElo "2340"]
[BlackElo "2515"]

1.d4 Nf6 2.c4 e6 3.Nf3 b6 4.g3 Ba6 5.b3 Bb7 6.Bg2 Bb4+ 7.Bd2 Be7 8.Nc3 O-O
9.O-O d5 10.cxd5 exd5 11.Qc2 Re8 12.Rfd1 h6 13.Bf4 Na6 14.Ne5 Bf8 15.Qb2 c6
16.Rac1 Rc8 17.Bh3 Rc7 18.Ng4 Bd6 19.Bxd6 Qxd6 20.Nxf6+ Qxf6 21.b4 Rce7 22.a3 Nc7
23.Bf1 Ba6 24.Qd2 g5 25.Re1 Qg6 26.a4 Bc4 27.Nd1 Ba6 28.Rc3 Qd6 29.Qb2 Ne6
30.Rc2 Bc8 31.Qc3 Bd7 32.Nb2 h5 33.Nd3 f6 34.Bg2 h4 35.Rb1 Rc8 36.Qb2 hxg3  1/2-1/2

[Event "Zalaegerszeg op"]
[Site "Zalaegerszeg"]
[Date "1992.??.??"]
[Round "?"]
[White "Mowsziszian, Karen"]
[Black "Horvath, Gyula"]
[Result "1-0"]
[WhiteElo "2435"]
[BlackElo "2420"]

1.d4 Nf6 2.c4 e6 3.Nf3 b6 4.g3 Ba6 5.Qa4 Bb7 6.Bg2 c5 7.O-O cxd4 8.Nxd4 Bxg2
9.Kxg2 Qc8 10.f3 Nc6 11.Rd1 Nxd4 12.Rxd4 Qc6 13.Nc3 Qxa4 14.Nxa4 d5 15.cxd5 Nxd5
16.Bd2 Rc8 17.e4 Nf6 18.Rc1 Rxc1 19.Bxc1 b5 20.Nc3 a6 21.Rd3 Nd7 22.Bf4 f6
23.Nd1 Nc5 24.Rc3 Kd7 25.b4 e5 26.bxc5 exf4 27.c6+ Kc7 28.gxf4 Bb4 29.Rc1 Rd8
30.Kg3 Bd2 31.Rb1 Kxc6 32.Nf2 Rd4 33.Nh3 b4 34.Kf2 a5 35.Ke2 a4 36.Nf2 Bxf4
37.Nd3 Bd6 38.Ke3 Rc4 39.f4 Bc5+ 40.Nxc5 Kxc5 41.e5 fxe5 42.fxe5 Kd5 43.Rg1 g6
44.Rg5 Re4+ 45.Kd3 Rxe5 46.Rg4 Kc5 47.a3 Rd5+ 48.Ke3 bxa3 49.Rxa4 Rh5 50.h4 Kb5
51.Rxa3 Rxh4 52.Ra8 Kc6 53.Rd8 h5 54.Kf3 Kc5 55.Rd2 Rg4 56.Rd1 Kc4 57.Rd2 g5
58.Rh2 Rf4+ 59.Ke3 h4 60.Rg2 Rf5 61.Ke4 h3 62.Rg1 Rf4+ 63.Ke3 h2 64.Rc1+ Kd5
65.Rh1 Rh4 66.Kf3 Ke5 67.Kg2 Ke4 68.Re1+ Kd3 69.Ra1 g4 70.Kh1 Kc4 71.Ra2 g3
72.Ra4+ Kd3 73.Rxh4  1-0

[Event "Zalakaros op"]
[Site "Zalakaros"]
[Date "1992.??.??"]
[Round "2"]
[White "Horvath, Csaba"]
[Black "Kustar, Sandor"]
[Result "1-0"]
[WhiteElo "2485"]
[BlackElo "2255"]

1.d4 Nf6 2.c4 e6 3.Nf3 b6 4.g3 Ba6 5.b3 Bb4+ 6.Bd2 Be7 7.Bg2 c6 8.Bc3 d5
9.Nbd2 O-O 10.Ne5 Nfd7 11.Nd3 Bb7 12.O-O c5 13.cxd5 exd5 14.dxc5 bxc5 15.Rc1 Na6
16.e4 d4 17.Bb2 Re8 18.Re1 Nb6 19.a3 Rc8 20.h4 Nb8 21.e5 Bxg2 22.Kxg2 Bf8
23.Nc4 Nc6 24.Qf3 Nxc4 25.bxc4 Qd7 26.Rc2 Qb7 27.Rce2 Qb3 28.e6 Rxe6 29.Rxe6 fxe6
30.Rxe6 Na5 31.Ne5 Qxf3+ 32.Kxf3 Rb8 33.Bc1 Rb1 34.Bg5 Nb7 35.Ra6 Nd6 36.Rxa7 Rb3+
37.Kg2 h6 38.Bf4 d3 39.h5 Nc8 40.Ra8  1-0

[Event "Zalakaros op"]
[Site "Zalakaros"]
[Date "1992.??.??"]
[Round "2"]
[White "Burmakin, Vladimir"]
[Black "Petran, Pal"]
[Result "1-0"]
[WhiteElo "2330"]
[BlackElo "2470"]

1.d4 Nf6 2.c4 e6 3.Nf3 b6 4.g3 Ba6 5.Qa4 Bb7 6.Bg2 c5 7.dxc5 Bxc5 8.O-O O-O
9.Nc3 Be7 10.Rd1 d6 11.Bf4 a6 12.Rac1 Qc7 13.Qb4 Ne8 14.Na4 Nd7 15.Qd2 e5
16.Bg5 Bxg5 17.Qxg5 Nef6 18.Nc3 Nc5 19.Qd2 Rfd8 20.b4 Nce4 21.Nxe4 Bxe4 22.Nh4 Bxg2
23.Nxg2 a5 24.a3 axb4 25.axb4 b5 26.Ne3 bxc4 27.Rxc4 Qd7 28.Nd5 Nxd5 29.Qxd5 Rab8
30.Rdc1 Rb6 31.Qd3 Rb7 32.Rc6 g6 33.b5 d5 34.b6 Qf5 35.Qxf5 gxf5 36.Rf6 e4
37.Rcc6  1-0

[Event "Zalakaros op"]
[Site "Zalakaros"]
[Date "1992.??.??"]
[Round "9"]
[White "Horvath, Csaba"]
[Black "Sjoberg, Mats"]
[Result "1-0"]
[WhiteElo "2485"]
[BlackElo "2380"]

1.d4 Nf6 2.c4 e6 3.Nf3 b6 4.g3 Ba6 5.b3 Bb7 6.Bg2 Bb4+ 7.Bd2 a5 8.O-O O-O
9.Nc3 Re8 10.Qc2 h6 11.Rad1 Qc8 12.Rfe1 Bxc3 13.Bxc3 Be4 14.Qc1 d5 15.Qf4 c6
16.Rc1 Qb7 17.h4 Nbd7 18.Bh3 Qb8 19.Qxb8 Rexb8 20.Nd2 Bg6 21.f3 a4 22.b4 Ne8
23.b5 f5 24.bxc6 Ndf6 25.e4 Nc7 26.cxd5 exd5 27.exf5 Be8 28.Bb4 Nb5 29.g4 Nxd4
30.c7 Rc8 31.g5 hxg5 32.hxg5 Nd7 33.Re7  1-0

[Event "Ibercaja op"]
[Site "Zaragoza"]
[Date "1992.??.??"]
[Round "?"]
[White "Braga, Fernando"]
[Black "Spraggett, Kevin"]
[Result "1/2-1/2"]
[WhiteElo "2405"]
[BlackElo "2545"]

1.d4 Nf6 2.c4 e6 3.Nf3 b6 4.g3 Ba6 5.b3 Bb7 6.Bg2 Bb4+ 7.Bd2 a5 8.O-O O-O
9.Bf4 Be7 10.Nc3 d5 11.Qc2 Na6 12.Rad1 h6 13.Ne5 Re8 14.g4 c5 15.dxc5 Nxc5
16.Bg3 Bd6 17.cxd5 exd5 18.Nc4 Bxg3 19.hxg3 Rb8 20.e3 Ne6 21.Rfe1 Ba8 22.a4 g6
23.Rd2 Rc8 24.Red1 Rc5 25.Qb2 Ng5 26.Rd4 Ne6 27.R4d3 Ng5 28.Rd4 Ne6 29.R4d3 Ng5  1/2-1/2

[Event "Zuerich op"]
[Site "Zuerich"]
[Date "1992.??.??"]
[Round "?"]
[White "Pelletier, Yannick"]
[Black "Atlas, Valeri"]
[Result "0-1"]
[WhiteElo "2215"]
[BlackElo "2450"]

1.d4 Nf6 2.c4 e6 3.Nf3 b6 4.g3 Ba6 5.b3 d5 6.Bg2 dxc4 7.Ne5 Bb4+ 8.Kf1 Bd6
9.Bf4 Bxe5 10.Bxe5 c6 11.bxc4 O-O 12.Na3 Ng4 13.Bf4 Qe7 14.Qd3 Rd8 15.Bf3 Nf6
16.Kg2 Bb7 17.Qc3 c5 18.dxc5 bxc5 19.Rab1 Nc6 20.Be5 Rac8 21.Rb5 Ba8 22.Bxf6 gxf6
23.Nc2 Nd4 24.Nxd4 cxd4 25.Qd3 Bxf3+ 26.exf3 e5 27.Rhb1 Qe6 28.R1b4 f5 29.Qd2 h6
30.h3 e4 31.fxe4 fxe4 32.Rd5 d3 33.Rbb5 Rxd5 34.cxd5 Qf6 35.Rb4 Rc2 36.Qe3 Re2
37.Qxa7 d2 38.Rd4 Qxf2+  0-1

[Event "Aegina op"]
[Site "Aegina"]
[Date "1993.??.??"]
[Round "9"]
[White "Rajkovic, Dusan"]
[Black "Kalesis, Nikolaos"]
[Result "1-0"]
[WhiteElo "2450"]
[BlackElo "2310"]

1.d4 Nf6 2.c4 e6 3.Nf3 b6 4.g3 Ba6 5.b3 Bb7 6.Bg2 Bb4+ 7.Bd2 a5 8.Nc3 O-O
9.Qc2 h6 10.O-O d6 11.Rad1 Bxc3 12.Bxc3 Be4 13.Qc1 Nbd7 14.Bh3 c6 15.Nd2 Bg6
16.Bg2 d5 17.Rfe1 Qb8 18.e4 Nxe4 19.Nxe4 dxe4 20.Bxe4 Bxe4 21.Rxe4 Qd6 22.d5 exd5
23.cxd5 cxd5 24.Rg4 Ne5 25.Bxe5 Qxe5 26.Qxh6 g6 27.Rg5 Qe2 28.Rd4  1-0

[Event "Alcobendas op"]
[Site "Alcobendas"]
[Date "1993.??.??"]
[Round "8"]
[White "Estremera Panos, Sergio"]
[Black "Ionov, Sergey"]
[Result "1/2-1/2"]
[WhiteElo "2365"]
[BlackElo "2495"]

1.d4 Nf6 2.c4 e6 3.Nf3 b6 4.g3 Ba6 5.b3 Bb4+ 6.Bd2 Be7 7.Bg2 c6 8.Bc3 d5
9.Ne5 Ne4 10.O-O Nxc3 11.Nxc3 O-O 12.cxd5 cxd5 13.Rc1  1/2-1/2

[Event "Alushta3"]
[Site "Alushta"]
[Date "1993.??.??"]
[Round "?"]
[White "Tosic, Miroslav"]
[Black "Savon, Vladimir A"]
[Result "1-0"]
[WhiteElo "2465"]
[BlackElo "2450"]

1.d4 Nf6 2.c4 e6 3.Nf3 b6 4.g3 Ba6 5.b3 Bb7 6.Bg2 Bb4+ 7.Bd2 c5 8.Nc3 cxd4
9.Nb5 Be7 10.O-O O-O 11.Bc1 a6 12.Nbxd4 d6 13.Bb2 Nbd7 14.Qd2 Qc7 15.Rac1 Rfd8
16.Rfd1 Rac8 17.Qe3 Nf8 18.h3 h6 19.b4 N6h7 20.b5 Re8 21.a4 a5 22.Ba3 Nd7
23.Nd2 Bg5 24.f4 e5 25.Nf5 exf4 26.Qd4 Bf6 27.Qxd6 Bxg2 28.Qxc7 Rxc7 29.Kxg2 fxg3
30.Bd6 Rcc8 31.Nxg3 Ng5 32.c5 Nxc5 33.Bxc5 bxc5 34.Nc4 Re6 35.b6 Rb8 36.Rb1 Bc3
37.Rd7 Ne4 38.Rbd1 Rbxb6 39.Nxe4 Rb4 40.Nxc3 Rxc4 41.R1d3 Rb4 42.Rc7 c4 43.Rd4 Re3
44.Rdxc4 Rb3  1-0

[Event "Alushta3"]
[Site "Alushta"]
[Date "1993.??.??"]
[Round "?"]
[White "Fominyh, Alexander"]
[Black "Fish, Gannadij"]
[Result "1/2-1/2"]
[WhiteElo "2515"]
[BlackElo "2440"]

1.d4 Nf6 2.Nf3 e6 3.c4 b6 4.g3 Ba6 5.Qa4 c5 6.Bg2 Bb7 7.dxc5 bxc5 8.Nc3 Be7
9.O-O O-O 10.Rd1 Qb6 11.Bf4 d6 12.Rd2 Rd8 13.Rad1 h6 14.h3 e5 15.Be3 Nc6
16.Ne1 Nd4 17.Bxb7 Qxb7 18.Ng2 Nd7 19.b3 Nb6 20.Qa5 Rdc8 21.Rd3 Rc6 22.Bxd4 cxd4
23.Nd5 Bd8 24.Nxb6 axb6 25.Qb4 Rxa2 26.e3 d5 27.exd4 Be7 28.Qe1 dxc4 29.bxc4 exd4
30.Rxd4 Re6 31.Qc3 Bc5 32.Rd8+ Kh7 33.R8d2 Ra3 34.Qc2+ Qe4 35.Kf1 g6 36.Qxe4 Rxe4
37.Rc2 Ra4 38.Rdc1 h5 39.h4 Kg7 40.Nf4 Rd4 41.Ke2 Kf6 42.Nd3 Kf5 43.Rc3 Ra2+
44.R1c2 Rxc2+ 45.Rxc2 f6 46.Nf4 g5  1/2-1/2

[Event "Aschach op"]
[Site "?"]
[Date "1993.??.??"]
[Round "?"]
[White "Polak, Tomas"]
[Black "Kaiser, Wolfgang"]
[Result "0-1"]
[WhiteElo "2410"]
[BlackElo "2355"]

1.d4 Nf6 2.c4 e6 3.Nf3 b6 4.g3 Ba6 5.b3 Bb4+ 6.Bd2 Be7 7.Bg2 c6 8.Bc3 d5
9.Ne5 Nfd7 10.Nxd7 Nxd7 11.Nd2 f5 12.O-O O-O 13.Re1 Rc8 14.Rc1 Qe8 15.f3 f4
16.e4 dxc4 17.e5 fxg3 18.hxg3 Qg6 19.Ne4 Rfd8 20.Qe2 c5 21.bxc4 cxd4 22.Bxd4 Nc5
23.Bxc5 Bxc5+ 24.Kh2 Rd4 25.Bh3 Bxc4 26.Qe3 Rcd8 27.Nxc5 bxc5 28.Bf1 Bxf1
29.Rxf1 Rd3 30.Qxc5 Rd2+  0-1

[Event "AUT-ch"]
[Site "?"]
[Date "1993.??.??"]
[Round "7"]
[White "Fauland, Alexander"]
[Black "Felsberger, Alfred"]
[Result "1-0"]
[WhiteElo "2435"]
[BlackElo "2360"]

1.d4 Nf6 2.c4 e6 3.Nf3 b6 4.g3 Ba6 5.b3 Bb7 6.Bg2 Bb4+ 7.Bd2 a5 8.O-O d6
9.Bc3 O-O 10.Bb2 d5 11.c5 bxc5 12.a3 c4 13.axb4 axb4 14.Rxa8 Bxa8 15.bxc4 dxc4
16.Qa4 Bxf3 17.Bxf3 c3 18.Bc1 Qxd4 19.Na3 Rd8 20.Nc2  1-0

[Event "AUT-chT"]
[Site "?"]
[Date "1993.??.??"]
[Round "?"]
[White "Horvath, Csaba"]
[Black "Tolnai, Tibor"]
[Result "1/2-1/2"]
[WhiteElo "2490"]
[BlackElo "2500"]

1.d4 Nf6 2.c4 e6 3.Nf3 b6 4.g3 Ba6 5.b3 Bb4+ 6.Bd2 Be7 7.Bg2 c6 8.Bc3 d5
9.Ne5 Nfd7 10.Nxd7 Nxd7 11.Nd2 O-O 12.O-O Rc8 13.e4 c5 14.exd5 exd5 15.dxc5 dxc4
16.c6 cxb3 17.Re1 Bb5 18.axb3 Bxc6 19.Bxc6 Rxc6 20.Rxa7 Bf6 21.Ne4 Bxc3 22.Rxd7 Qa8
23.Re3 Bb2 24.Qf3 f5 25.Ng5 Rc1+ 26.Kg2 Qxf3+ 27.Nxf3 f4 28.Re2 fxg3 29.hxg3 Bf6  1/2-1/2

[Event "AUT-chT"]
[Site "?"]
[Date "1993.??.??"]
[Round "?"]
[White "Horvath, Jozsef"]
[Black "Stohl, Igor"]
[Result "1/2-1/2"]
[WhiteElo "2535"]
[BlackElo "2540"]

1.d4 Nf6 2.Nf3 e6 3.c4 b6 4.g3 Ba6 5.b3 Bb4+ 6.Bd2 Be7 7.Bg2 c6 8.Bc3 d5
9.Nbd2 Nbd7 10.O-O O-O 11.Rc1 Rc8 12.Bb2 c5 13.Rc2 Bb7 14.dxc5 Rxc5 15.Nd4 Re8
16.Nb5 Qb8 17.Nc3  1/2-1/2

[Event "AUT-chT"]
[Site "?"]
[Date "1993.??.??"]
[Round "?"]
[White "Hager, Franz"]
[Black "Felsberger, Alfred"]
[Result "0-1"]
[WhiteElo "2280"]
[BlackElo "2350"]

1.d4 Nf6 2.c4 e6 3.Nf3 b6 4.g3 Ba6 5.b3 Bb7 6.Bg2 Bb4+ 7.Bd2 a5 8.O-O d6
9.Qc2 Nbd7 10.Nc3 O-O 11.a3 Bxc3 12.Bxc3 Be4 13.Qb2 Qc8 14.b4 axb4 15.axb4 Qb7
16.Rfc1 Rfb8 17.Rxa8 Rxa8 18.Bh3 b5 19.Nd2 Nb6 20.f3 Na4 21.Qa1 Bg6 22.e4 d5
23.cxd5 exd5 24.e5 Nc5 25.dxc5 Rxa1 26.Rxa1 d4 27.Bxd4 Nd5 28.f4 Nxb4 29.f5 Nc2  0-1

[Event "AUT-chT"]
[Site "?"]
[Date "1993.??.??"]
[Round "?"]
[White "Kwatschewsky, Leo"]
[Black "Kaspret, Guido"]
[Result "1/2-1/2"]
[WhiteElo "2315"]
[BlackElo "2305"]

1.d4 Nf6 2.c4 e6 3.Nf3 b6 4.g3 Ba6 5.b3 Bb4+ 6.Bd2 Be7 7.Bg2 c6 8.Nc3 d5
9.cxd5 cxd5 10.Ne5 O-O 11.O-O Nfd7 12.f4 Nxe5 13.fxe5 Nc6 14.Be3 Rc8 15.a3 Na5
16.Na4 Qd7 17.Rf2 Rc7 18.b4 Nc4 19.Bc1 Bb7 20.Nb2 Nxb2 21.Bxb2 Bg5 22.Bc1 Bxc1
23.Rxc1 Rfc8 24.Rxc7 Qxc7 25.Bf1 Ba6 26.Qa4 Bc4 27.Rf3 b5 28.Qc2 a5 29.bxa5 Qxa5
30.Qc3 Qxc3 31.Rxc3 f6 32.exf6 gxf6 33.Kf2 Ra8 34.Bg2 Rd8 35.Bf3 Kf7 36.e3 Ke7
37.Bd1 Kd6 38.Bc2 h6 39.e4 dxe4 40.Bxe4 Rd7 41.Ke3  1/2-1/2

[Event "AUT-chT2S 9293"]
[Site "AUT"]
[Date "1993.??.??"]
[Round "?"]
[White "Weiss, Leo"]
[Black "Kaspret, Guido"]
[Result "1-0"]
[WhiteElo "2285"]
[BlackElo "2305"]

1.d4 Nf6 2.c4 e6 3.Nf3 b6 4.g3 Ba6 5.b3 Bb4+ 6.Bd2 Be7 7.Nc3 c6 8.Bg2 d5
9.cxd5 cxd5 10.O-O O-O 11.Ne5 Nfd7 12.Nxd7 Qxd7 13.Bf4 Nc6 14.Qd2 Rac8 15.a3 Bf6
16.Be3 Na5 17.Qb2 Rc6 18.Rfc1 Rfc8 19.Bf3 Bc4 20.bxc4 Nxc4 21.Qb3 Na5 22.Qa4 Qe7
23.Na2 Rc4 24.Rxc4 Nxc4 25.Rc1 a5 26.Qb3 b5 27.Rc3 Qd7 28.Rc2 g6 29.Nc3 Nxe3
30.fxe3 Qc6 31.Rc1 Qb6 32.Kg2 Rc4 33.Rf1 Qc6 34.Nxb5 Be7 35.a4 Rb4 36.Qa3 Bf8
37.Rc1 Rc4 38.Rxc4 Qxc4 39.Qa1 h5 40.h4 Kh7 41.Qd1 f5 42.Qa1 Bb4 43.Qb2 Qc6
44.Kh2 Kg8 45.Bg2 Kh7 46.Qb1 Bd2 47.Qd3 Bb4 48.Qd1 Be7 49.Qe1 Bb4 50.Qf1 g5
51.hxg5 Qc2 52.Qf4 Qxa4 53.Qc7+ Kg6 54.Qd8  1-0

[Event "Avoine Ronde op"]
[Site "Avoine"]
[Date "1993.??.??"]
[Round "?"]
[White "Peric, Slavisa"]
[Black "Webb, Laurence"]
[Result "1-0"]
[WhiteElo "2335"]
[BlackElo "2260"]

1.d4 Nf6 2.c4 e6 3.Nf3 b6 4.g3 Ba6 5.Qb3 Bb7 6.Bg2 Qc8 7.O-O Nc6 8.Bg5 Ne4
9.Bf4 Bd6 10.Qe3 f5 11.Nbd2 Nxd2 12.Nxd2 Nb4 13.Bxd6 cxd6 14.d5 O-O 15.Rfc1 Qc5
16.Qc3 a5 17.a3 Na6 18.Nb3 Qc8 19.Nd4 e5 20.Nb5 Rf6 21.b4 Nc7 22.Nxc7 Qxc7
23.Rab1 Rff8 24.c5 axb4 25.axb4 bxc5 26.bxc5 Ba6 27.c6 Rfb8 28.Rxb8+ Rxb8
29.e4 fxe4 30.Bxe4 Rf8 31.Qc2 g6 32.Rb1 Kg7 33.Qa2 Bc8 34.Qa4 Rf7 35.Qa8 Rf8
36.Rb8 Rd8 37.Bd3 dxc6 38.dxc6 Kh6 39.h4 d5 40.Ba6 Bxa6 41.Rxd8 Qa5 42.Rf8 Qe1+
43.Kh2 Bd3 44.Qa7 d4 45.Rf7 Kh5 46.Qe7 h6 47.c7 g5 48.Rf6  1-0

[Event "Azov"]
[Site "Azov"]
[Date "1993.??.??"]
[Round "?"]
[White "Pushkov, Nikolai"]
[Black "Arkhipov, Sergey"]
[Result "1/2-1/2"]
[WhiteElo "2485"]
[BlackElo "2520"]

1.d4 Nf6 2.Nf3 e6 3.c4 b6 4.g3 Ba6 5.b3 Bb4+ 6.Bd2 Be7 7.Bg2 c6 8.Bc3 d5
9.Nbd2 Nbd7 10.O-O O-O 11.Re1 c5 12.e4 dxc4 13.Nxc4 Bb7  1/2-1/2

[Event "Balatonfuzfo"]
[Site "Balatonfuzfo"]
[Date "1993.??.??"]
[Round "1"]
[White "Burmakin, Vladimir"]
[Black "Kalesis, Nikolaos"]
[Result "0-1"]
[WhiteElo "2470"]
[BlackElo "2310"]

1.d4 Nf6 2.c4 e6 3.Nf3 b6 4.g3 Ba6 5.Qa4 c5 6.Bg2 Bb7 7.dxc5 Bxc5 8.Nc3 O-O
9.O-O Be7 10.Bf4 Na6 11.Rfd1 Nc5 12.Qc2 Qc8 13.Rac1 a6 14.Bd6 Bxd6 15.Rxd6 Qc7
16.Rd4 Rac8 17.Rh4 d6 18.g4 g6 19.Ng5 Bxg2 20.Kxg2 Qe7 21.Rh3 h6 22.Nf3 Nxg4
23.Rg1 Nd7 24.Kf1 Rxc4 25.b3 Rf4 26.Qd2 Qf6 27.Qxd6 Rc8 28.Nd1 Nde5 29.Nxe5  0-1

[Event "Balkaniad (Men)"]
[Site "?"]
[Date "1993.??.??"]
[Round "3"]
[White "Cosma, Ioan"]
[Black "Kalesis, Nikolaos"]
[Result "1/2-1/2"]
[WhiteElo "2400"]
[BlackElo "2410"]

1.d4 Nf6 2.c4 e6 3.Nf3 b6 4.g3 Ba6 5.Qa4 Bb7 6.Bg2 c5 7.O-O cxd4 8.Nxd4 Bxg2
9.Kxg2 Qc7 10.f3 a6 11.Rd1 Be7 12.Nb5 Qc6 13.Nd6+ Bxd6 14.Qxc6 Nxc6 15.Rxd6 Ke7
16.Rd1 d5 17.cxd5 Nxd5 18.Bd2 Rhd8 19.Nc3 Nxc3 20.Bxc3 f6 21.Rdc1 Rac8 22.g4 e5
23.Kf2 Ke6 24.Rd1 Ne7 25.Rxd8 Rxd8 26.Rc1 Rc8 27.e4 Ng6 28.Bd2 Rxc1 29.Bxc1 Nf4
30.Bxf4 exf4 31.Ke2 g5 32.Kd3 Kd6 33.Kd4 a5 34.Kc4 Kc6 35.b3 Kd6 36.Kd4 Ke6
37.Kd3 Kd7 38.a3 Kc7 39.Kc3 Kd7 40.Kd3 Kc7  1/2-1/2

[Event "Barcelona op9394"]
[Site "Barcelona"]
[Date "1993.??.??"]
[Round "3"]
[White "Serrano Marhuenda, Salvador"]
[Black "Beltran, Santiago"]
[Result "0-1"]
[WhiteElo "2235"]
[BlackElo "2310"]

1.d4 Nf6 2.c4 e6 3.Nf3 b6 4.g3 Ba6 5.Nbd2 c5 6.Bg2 Bb7 7.O-O cxd4 8.Nxd4 Bxg2
9.Kxg2 Be7 10.e4 Nc6 11.Nxc6 dxc6 12.Qe2 O-O 13.Rd1 Qc7 14.Nf1 Rad8 15.Bf4 e5
16.Bg5 h6 17.Bd2 Bc5 18.f3 Qe7 19.Rab1 Qe6 20.b4 Bd4 21.a4 Rd7 22.g4 Rfd8
23.Ng3 Ne8 24.h4 a6 25.Rbc1 b5 26.axb5 axb5 27.Be1 Nd6 28.cxb5 cxb5 29.Rc6 Qe8
30.Nf5 Nc4 31.Ra6 g6 32.Nxd4 exd4 33.Bd2 Kg7 34.Rda1 Qe5 35.R1a2 Rd6 36.Ra7 R8d7
37.Ra8 h5 38.f4 Ne3+ 39.Bxe3 Qxe4+ 40.Kf2 dxe3+ 41.Qxe3 Qxe3+ 42.Kxe3 hxg4
43.Rb8 Rd3+ 44.Ke2 Rh3 45.Ra5 Rh2+ 46.Ke3 g3  0-1

[Event "Barcelona"]
[Site "Barcelona"]
[Date "1993.??.??"]
[Round "5"]
[White "Tukmakov, Vladimir B"]
[Black "Vehi Bach, Victor Manuel"]
[Result "1-0"]
[WhiteElo "2600"]
[BlackElo "2380"]

1.d4 Nf6 2.c4 e6 3.Nf3 b6 4.g3 Ba6 5.b3 Bb7 6.Bg2 Bb4+ 7.Bd2 Be7 8.Nc3 d5
9.cxd5 exd5 10.O-O O-O 11.Bf4 Na6 12.Rc1 h6 13.Ne5 Qc8 14.Nd3 Rd8 15.Be5 Ne4
16.b4 Nxc3 17.Rxc3 Qd7 18.Qb3 c6 19.Rfc1 Rac8 20.a4 Nc7 21.Bxc7 Rxc7 22.b5 Qd6
23.Qc2 g6 24.bxc6 Ba6 25.Nf4 Bc4 26.Rxc4 dxc4 27.Nd5 Rcc8 28.Qxc4 Qe6 29.Bh3  1-0

[Event "Oberliga Bayern9394"]
[Site "Bayern"]
[Date "1993.??.??"]
[Round "?"]
[White "Rosenberger, Berthold"]
[Black "Kaiser, Wolfgang"]
[Result "0-1"]
[WhiteElo "2300"]
[BlackElo "2355"]

1.d4 Nf6 2.Nf3 e6 3.c4 b6 4.g3 Ba6 5.Qc2 c5 6.d5 exd5 7.cxd5 g6 8.Nc3 Bg7
9.Bg2 O-O 10.O-O d6 11.Ng5 Qe7 12.Re1 Nbd7 13.Qa4 Bb7 14.Qh4 Rfe8 15.f4 a6
16.e4 h6 17.Nf3 Qf8 18.g4 b5 19.g5 b4 20.gxf6 Bxf6 21.Qg4 bxc3 22.Qxd7 cxb2
23.Bxb2 Bxb2 24.Rab1 Bc8 25.Qc6 Rb8 26.e5 Bf5 27.Rbd1 Rec8 28.Qxa6 c4 29.Nh4 Bg4
30.e6 Bxd1 31.e7 Qe8 32.Bh3 c3 33.Bxc8 c2 34.Qxd6 Rxc8 35.Nxg6 c1=Q 36.Ne5 Qc5+  0-1

[Event "Oberliga Bayern9394"]
[Site "Bayern"]
[Date "1993.??.??"]
[Round "?"]
[White "Farago, Ivan"]
[Black "Kostic, Vladimir"]
[Result "0-1"]
[WhiteElo "2375"]
[BlackElo "2330"]

1.d4 Nf6 2.c4 e6 3.Nf3 b6 4.g3 Ba6 5.b3 Bb4+ 6.Bd2 Be7 7.Bg2 Bb7 8.Nc3 Ne4
9.O-O Nxd2 10.Qxd2 O-O 11.d5 Bb4 12.Nd4 e5 13.Nc2 Bxc3 14.Qxc3 d6 15.f4 exf4
16.gxf4 Re8 17.Rae1 Nd7 18.e4 c6 19.dxc6 Bxc6 20.Nd4 Qc7 21.Re3 Rad8 22.Rd1 Nf8
23.Nf5 f6 24.Rg3 Ng6 25.Qd2 Bxe4 26.Bxe4 Qc5+ 27.Kh1 Rxe4 28.Nxd6 Rxd6 29.Qxd6 Re1+
30.Kg2 Qg1+ 31.Kh3 Qf1+ 32.Rg2 Re3+  0-1

[Event "JUG-chT2"]
[Site "Becici"]
[Date "1993.??.??"]
[Round "?"]
[White "Manojlovic, Sava"]
[Black "Lazic, Dragoljub"]
[Result "1-0"]
[WhiteElo "2265"]
[BlackElo "2450"]

1.d4 Nf6 2.c4 e6 3.Nf3 b6 4.g3 Ba6 5.b3 Bb4+ 6.Nbd2 Bb7 7.Bg2 Ne4 8.O-O Nxd2
9.Bxd2 a5 10.Bf4 O-O 11.d5 d6 12.Qc2 e5 13.Bg5 f6 14.Be3 a4 15.Bd2 axb3 16.axb3 Rxa1
17.Rxa1 Bxd2 18.Qxd2 Na6 19.e4 Qd7 20.b4 Ra8 21.Ne1 Qd8 22.Nd3 c6 23.dxc6 Bxc6
24.b5 Nc7 25.Rd1 Bb7 26.Nb4 Ne8 27.Bh3 Bxe4 28.Be6+ Kf8 29.Bd5 Bxd5 30.Nxd5 Rc8
31.Qd3 g6 32.Ra1 Rb8 33.Ra7 Qc8 34.Rxh7 Qf5 35.Qe3 g5 36.Ra7 Rc8 37.Nxb6 Rc7
38.Rxc7 Nxc7 39.Kg2 Ne6 40.Nd5 Nd4 41.b6 Kf7 42.Nc3 Qc8 43.Qe4 f5 44.b7 Qb8
45.Qd5+ Ke7 46.Nb5 Nxb5 47.cxb5 Qc7 48.Qc6 Kd8 49.Qa6 Qb8 50.Qa8  1-0

[Event "Belgrade Beopromet"]
[Site "Belgrade"]
[Date "1993.??.??"]
[Round "2"]
[White "Nestorovic, Dejan"]
[Black "Ostojic, Nikola"]
[Result "0-1"]
[WhiteElo "2350"]
[BlackElo "2445"]

1.d4 Nf6 2.c4 e6 3.Nf3 b6 4.g3 Ba6 5.b3 b5 6.cxb5 Bxb5 7.Nc3 Bb4 8.Bd2 Bc6
9.Bg2 O-O 10.O-O a5 11.Rc1 Qc8 12.Nb1 Qb7 13.a3 Be7 14.Bg5 h6 15.Bxf6 Bxf6
16.Nc3 Ra6 17.Re1 d5 18.Na4 Bxa4 19.bxa4 Nd7 20.Qd3 Rb6 21.Nd2 c6 22.e4 Rb2
23.exd5 cxd5 24.Rc3 Qa7 25.Nf3 e5 26.Rc6 e4 27.Qc3 Rfb8 28.Rc7 R8b7 29.Rxb7 Rxb7
30.Ne5 Rc7 31.Qd2 Bxe5 32.dxe5 Qc5 33.Qf4 Qc3 34.Rd1 Nxe5 35.Rxd5 Qe1+ 36.Bf1 Rc1
37.Qxc1 Nf3+  0-1

[Event "Benidorm op"]
[Site "Benidorm"]
[Date "1993.??.??"]
[Round "5"]
[White "Braga, Fernando"]
[Black "Guimaraes, Jorge"]
[Result "1-0"]
[WhiteElo "2435"]
[BlackElo "2310"]

1.d4 Nf6 2.c4 e6 3.Nf3 b6 4.g3 Ba6 5.b3 Bb4+ 6.Bd2 Be7 7.Bg2 d5 8.Ne5 O-O
9.O-O c6 10.Bc3 Nfd7 11.Nxd7 Qxd7 12.Nd2 Bf6 13.e4 b5 14.e5 Be7 15.Re1 b4
16.Bb2 c5 17.cxd5 exd5 18.e6 fxe6 19.Bh3 Kh8 20.Bxe6 Qd6 21.Qh5 Nc6 22.Bxd5 Nxd4
23.Bxd4 cxd4 24.Re6 Qc5 25.Ne4  1-0